[Event "POL-chT 2nd League"]
[Site "Lublin"]
[Date "2006.09.08"]
[Round "7.57"]
[White "Budrewicz, Krzysztof"]
[Black "Walczak, Przemyslaw"]
[Result "0-1"]
[WhiteElo "2142"]
[BlackElo "2149"]
[PlyCount "86"]
[EventDate "2006.09.02"]
[EventType "team-swiss"]
[EventRounds "9"]
[EventCountry "POL"]
[SourceTitle "EXT 2019"]
[Source "ChessBase"]
[SourceDate "2018.10.10"]
[SourceVersion "1"]
[SourceVersionDate "2018.10.10"]
[SourceQuality "1"]
[WhiteTeam "Olsztyn AZS UWM"]
[BlackTeam "Lodz Szach Centrum"]
[WhiteTeamCountry "POL"]
[BlackTeamCountry "POL"]

1. d4 d5 2. Nf3 Nf6 3. c4 c6 4. Nc3 dxc4 5. a4 Bf5 6. e3 e6 7. Bxc4 Bb4 8. 0-0 Nbd7 9. Qe2 Bg6 10. Bd2 a5 11. Rfd1 0-0 12. Na2 Bxd2 13. Qxd2 Ne4 14. Qe2 Bh5 15. Qc2 Bxf3 16. gxf3 Nd6 17. Bd3 Qh4 18. Kh1 Rad8 19. f4 f6 20. Nc3 Kh8 21. Qe2 e5 22. dxe5 fxe5 23. Be4 Nxe4 24. Nxe4 exf4 25. Nd6 Ne5 26. f3 fxe3 27. Qxe3 Nxf3 28. Qe2 Nd4 29. Qe4 Qxe4+ 30. Nxe4 Nb3 31. Rab1 h6 32. Rd6 Rde8 33. Ng3 Nc5 34. Rd4 Rf2 35. Kg1 Rc2 36. b4 Nxa4 37. bxa5 Nc3 38. Rxb7 Re1+ 39. Nf1 Ne2+ 40. Kf2 Rxf1+ 41. Kxf1 Nxd4 42. a6 Ra2 43. a7 Kh7 0-1

[Event "Polanica Zdroj op-A 42nd"]
[Site "Polanica Zdroj"]
[Date "2006.08.25"]
[Round "7"]
[White "Szymanski, Piotr"]
[Black "Walczak, Przemyslaw"]
[Result "1/2-1/2"]
[WhiteElo "2238"]
[BlackElo "2149"]
[PlyCount "39"]
[EventDate "2006.08.19"]
[EventType "swiss"]
[EventRounds "7"]
[EventCountry "POL"]
[SourceTitle "CBM 113 Extra"]
[Source "ChessBase"]
[SourceDate "2006.09.14"]
[SourceVersion "1"]
[SourceVersionDate "2006.09.14"]
[SourceQuality "1"]

1. Nf3 d5 2. g3 c6 3. Bg2 Nf6 4. 0-0 Bg4 5. d3 Nbd7 6. Nbd2 e5 7. e4 dxe4 8. dxe4 Be7 9. Qe2 0-0 10. Nc4 Re8 11. h3 Bxf3 12. Bxf3 Qc7 13. Ne3 g6 14. Ng4 Nxg4 15. hxg4 Nc5 16. c3 Ne6 17. Be3 Bg5 18. Rfd1 b6 19. Bg2 Rad8 20. Bf1 1/2-1/2

[Event "Polanica Zdroj op-A 42nd"]
[Site "Polanica Zdroj"]
[Date "2006.08.23"]
[Round "5"]
[White "Siembab, Bartosz"]
[Black "Walczak, Przemyslaw"]
[Result "1/2-1/2"]
[WhiteElo "2229"]
[BlackElo "2149"]
[PlyCount "138"]
[EventDate "2006.08.19"]
[EventType "swiss"]
[EventRounds "7"]
[EventCountry "POL"]
[SourceTitle "CBM 113 Extra"]
[Source "ChessBase"]
[SourceDate "2006.09.14"]
[SourceVersion "1"]
[SourceVersionDate "2006.09.14"]
[SourceQuality "1"]

1. d4 d5 2. c4 c6 3. Nf3 Nf6 4. Nc3 dxc4 5. a4 Bf5 6. Ne5 e6 7. f3 Bb4 8. e4 Bxe4 9. fxe4 Nxe4 10. Bd2 Qxd4 11. Nxe4 Qxe4+ 12. Qe2 Bxd2+ 13. Kxd2 Qd5+ 14. Kc2 Na6 15. Rd1 Qc5 16. Kb1 0-0 17. Nd7 Qf5+ 18. Qc2 Qxc2+ 19. Kxc2 Rfd8 20. Bxc4 Nb4+ 21. Kb3 Nd5 22. Ne5 f6 23. Nf3 Rd7 24. Rhe1 e5 25. Nd2 Rad8 26. Ne4 Kf8 27. Nc5 Re7 28. Rd2 b6 29. Ne4 Red7 30. g3 Ke7 31. Ree2 g6 32. Rc2 f5 33. Ng5 Kf6 34. h4 e4 35. Rcd2 h6 36. Nxe4+ fxe4 37. Rxe4 Kg7 38. Rde2 Rf7 39. Bxd5 Rxd5 40. R2e3 Rdf5 41. Kc3 Rf3 42. b4 Rxe3+ 43. Rxe3 g5 44. h5 Kf6 45. g4 Re7 46. Rf3+ Ke6 47. Kd4 Rf7 48. Rc3 Kd6 49. Re3 c5+ 50. bxc5+ bxc5+ 51. Kd3 Kd5 52. Re8 Rf3+ 53. Ke2 Rg3 54. Rh8 Rxg4 55. Rxh6 Rxa4 56. Rg6 Rg4 57. Kf3 Rg1 58. h6 Kd4 59. Ra6 c4 60. Rxa7 c3 61. Rc7 Rh1 62. h7 Kd3 63. Rd7+ Kc2 64. Kg4 Kb1 65. Rd1+ Rxd1 66. h8Q c2 67. Qb8+ Ka2 68. Qa7+ Kb3 69. Qb6+ Ka3 1/2-1/2

[Event "Polanica Zdroj op-A 42nd"]
[Site "Polanica Zdroj"]
[Date "2006.08.22"]
[Round "4"]
[White "Korosciel, Aneta"]
[Black "Walczak, Przemyslaw"]
[Result "0-1"]
[WhiteElo "2126"]
[BlackElo "2149"]
[PlyCount "92"]
[EventDate "2006.08.19"]
[EventType "swiss"]
[EventRounds "7"]
[EventCountry "POL"]
[SourceTitle "CBM 113 Extra"]
[Source "ChessBase"]
[SourceDate "2006.09.14"]
[SourceVersion "1"]
[SourceVersionDate "2006.09.14"]
[SourceQuality "1"]

1. e4 c5 2. Nf3 e6 3. d3 Nc6 4. g3 d6 5. Bg2 g6 6. 0-0 Bg7 7. c3 Nge7 8. Be3 e5 9. Na3 0-0 10. d4 exd4 11. cxd4 Bg4 12. dxc5 dxc5 13. Bxc5 b6 14. Qxd8 Raxd8 15. Bxe7 Nxe7 16. Rab1 Rd3 17. Ne1 Rd2 18. Nf3 Rxb2 19. Rxb2 Bxb2 20. Nc4 Bg7 21. Ne3 Be6 22. a3 a5 23. Rb1 Rb8 24. Bf1 Nc6 25. Bb5 Nd4 26. Nxd4 Bxd4 27. Nd5 Kg7 28. Kg2 Rc8 29. Rd1 Bc5 30. a4 Rd8 31. Rd3 Bc8 32. Nf4 Rxd3 33. Nxd3 Bd4 34. Nc1 Bb7 35. f3 Kf6 36. Kf1 Ke7 37. Ke2 Kd6 38. Kd3 Bg1 39. h3 Bc8 40. Ne2 Bf2 41. h4 Be6 42. Kc3 Kc5 43. Bd3 Be1+ 44. Kb2 Kb4 45. Bc2 Bc4 46. Nd4 Bc3+ 0-1

[Event "Polanica Zdroj op-A 42nd"]
[Site "Polanica Zdroj"]
[Date "2006.08.19"]
[Round "1"]
[White "Walczak, Przemyslaw"]
[Black "Stachowiak, Kamil"]
[Result "1/2-1/2"]
[WhiteElo "2149"]
[BlackElo "2295"]
[PlyCount "65"]
[EventDate "2006.08.19"]
[EventType "swiss"]
[EventRounds "7"]
[EventCountry "POL"]
[SourceTitle "CBM 113 Extra"]
[Source "ChessBase"]
[SourceDate "2006.09.14"]
[SourceVersion "1"]
[SourceVersionDate "2006.09.14"]
[SourceQuality "1"]

1. d4 d5 2. c4 c6 3. Nf3 Nf6 4. cxd5 cxd5 5. Nc3 Nc6 6. Bf4 Bf5 7. e3 e6 8. Ne5 Nd7 9. Nxc6 bxc6 10. Bd3 Bxd3 11. Qxd3 Be7 12. 0-0 0-0 13. Na4 Qa5 14. b3 Rfc8 15. Rac1 c5 16. dxc5 Nxc5 17. Nxc5 Rxc5 18. e4 Rd8 19. Rxc5 Bxc5 20. exd5 Rxd5 21. Qe2 e5 22. Bc1 Bd4 23. h3 h6 24. Kh1 Rd6 25. f4 Rf6 26. Rd1 Qc5 27. Qe4 Qb5 28. Kh2 Ra6 29. Bb2 Rxa2 30. Bxd4 exd4 31. Rxd4 Qb6 32. Qd3 Qg6 33. Qxg6 1/2-1/2

[Event "Kochan Memorial op 17th"]
[Site "Koszalin"]
[Date "2006.08.13"]
[Round "10"]
[White "Eichler, Gottfried Johannes"]
[Black "Walczak, Przemyslaw"]
[Result "0-1"]
[WhiteElo "2082"]
[BlackElo "2149"]
[PlyCount "116"]
[EventDate "2006.08.04"]
[EventType "swiss"]
[EventRounds "10"]
[EventCountry "POL"]
[SourceTitle "CBM 113 Extra"]
[Source "ChessBase"]
[SourceDate "2006.09.14"]
[SourceVersion "1"]
[SourceVersionDate "2006.09.14"]
[SourceQuality "1"]

1. d4 d5 2. Nf3 Nf6 3. c4 c6 4. Nc3 dxc4 5. a4 Bf5 6. Ne5 e6 7. Nxc4 Bb4 8. f3 c5 9. dxc5 Qxd1+ 10. Kxd1 Nc6 11. Nd6+ Ke7 12. Nxf5+ exf5 13. Bg5 Rhd8+ 14. Ke1 Nd4 15. Rc1 Nb3 16. Rc2 Nxc5 17. Kf2 Rac8 18. e4 fxe4 19. Re2 Bxc3 20. bxc3 h6 21. Be3 Nxa4 22. Bxa7 b6 23. Ra2 Nxc3 24. Ra6 Rd2+ 25. Ke3 Rcd8 26. Bxb6 Nd1+ 27. Kf4 Nd5+ 28. Kg3 Nxb6 29. Rxb6 Ne3 30. fxe4 Rd1 31. Kf2 Ng4+ 32. Kg3 Nf6 33. Rb7+ Kf8 34. e5 Nd7 35. Bb5 Rxh1 36. Bxd7 Re1 37. Kf4 g6 38. h3 Re2 39. g4 Rf2+ 40. Kg3 Rd2 41. e6 Rd6 42. Kf4 fxe6 43. Bb5 Rd5 44. Bc6 g5+ 45. Ke4 Rc5 46. Bb5 Kg8 47. Bd7 Kf7 48. Bc6+ Kf6 49. Bb5 Re5+ 50. Kf3 Ra8 51. Kf2 Ra2+ 52. Kf3 Ra3+ 53. Kf2 Rb3 54. Bc6 Rxb7 55. Bxb7 Rb5 56. Be4 Rb3 57. Kg2 Ke5 58. Bg6 Kf4 0-1

[Event "Kochan Memorial op 17th"]
[Site "Koszalin"]
[Date "2006.08.06"]
[Round "3"]
[White "Jakubiec, Edyta"]
[Black "Walczak, Przemyslaw"]
[Result "1/2-1/2"]
[WhiteElo "2213"]
[BlackElo "2149"]
[PlyCount "78"]
[EventDate "2006.08.04"]
[EventType "swiss"]
[EventRounds "10"]
[EventCountry "POL"]
[SourceTitle "CBM 113 Extra"]
[Source "ChessBase"]
[SourceDate "2006.09.14"]
[SourceVersion "1"]
[SourceVersionDate "2006.09.14"]
[SourceQuality "1"]

1. e4 c5 2. Nf3 Nc6 3. d4 cxd4 4. Nxd4 Nf6 5. Nc3 e5 6. Ndb5 d6 7. Bg5 a6 8. Na3 b5 9. Nd5 Be7 10. Bxf6 Bxf6 11. c3 Bg5 12. Nc2 0-0 13. a4 bxa4 14. Rxa4 a5 15. Bc4 Rb8 16. b3 Kh8 17. 0-0 f5 18. exf5 Bxf5 19. Nce3 Bg6 20. f3 Bf7 21. Kh1 Bxe3 22. Nxe3 Bxc4 23. Nxc4 d5 24. Ne3 Ne7 25. f4 d4 26. cxd4 exf4 27. Nc4 Rb5 28. Qd2 Rxb3 29. Rxa5 f3 30. gxf3 Rbxf3 31. Rxf3 Rxf3 32. Ne5 Rf8 33. d5 Qd6 34. Ra8 Kg8 35. Rxf8+ Kxf8 36. Qf4+ Ke8 37. Qf7+ Kd8 38. Qf8+ Kc7 39. Qxg7 Qxd5+ 1/2-1/2

[Event "Kochan Memorial op 17th"]
[Site "Koszalin"]
[Date "2006.08.04"]
[Round "1"]
[White "Dukaczewski, Piotr"]
[Black "Walczak, Przemyslaw"]
[Result "1/2-1/2"]
[WhiteElo "2344"]
[BlackElo "2149"]
[PlyCount "104"]
[EventDate "2006.08.04"]
[EventType "swiss"]
[EventRounds "10"]
[EventCountry "POL"]
[SourceTitle "CBM 113 Extra"]
[Source "ChessBase"]
[SourceDate "2006.09.14"]
[SourceVersion "1"]
[SourceVersionDate "2006.09.14"]
[SourceQuality "1"]

1. e4 c5 2. Nf3 e6 3. d4 cxd4 4. Nxd4 a6 5. Nc3 Qc7 6. Be2 b5 7. 0-0 Bb7 8. Bd3 Nf6 9. Qe2 d6 10. Bd2 Nbd7 11. Kh1 Be7 12. f4 0-0 13. Rae1 Nc5 14. e5 Nd5 15. Ne4 Nxd3 16. Qxd3 dxe5 17. fxe5 Qc4 18. Qxc4 bxc4 19. Bg5 Bxg5 20. Nxg5 c3 21. Ne4 cxb2 22. c4 Nb4 23. Nd6 Rab8 24. Re2 Nd3 25. Rb1 Ba8 26. Kg1 Rfd8 27. Nb3 Nxe5 28. c5 f6 29. Rbxb2 Bd5 30. Re3 Rxd6 31. cxd6 Nc4 32. Ree2 Nxb2 33. Rxb2 Rd8 34. Nc5 Rxd6 35. a4 Rc6 36. Nd3 Rc4 37. Nb4 Bc6 38. Nxa6 Bxa4 39. Nb4 Rd4 40. Kf2 e5 41. Ke3 Kf7 42. Nd3 g5 43. Rb7+ Rd7 44. Rb6 h5 45. Nc5 Ra7 46. Ne4 Bd7 47. Nxf6 Be6 48. Nxh5 Ra2 49. Ke4 Rxg2 50. Kxe5 Rxh2 51. Ng3 Bg4 52. Rb7+ Kg6 1/2-1/2

[Event "Warsaw AIG Life rapid"]
[Site "Warsaw"]
[Date "2005.12.18"]
[Round "9"]
[White "Walczak, Przemyslaw"]
[Black "Michna, Marta"]
[Result "0-1"]
[WhiteElo "2152"]
[BlackElo "2398"]
[PlyCount "97"]
[EventDate "2005.12.17"]
[EventType "swiss (rapid)"]
[EventRounds "13"]
[EventCountry "POL"]
[SourceTitle "CBM 110 Extra"]
[Source "ChessBase"]
[SourceDate "2006.03.10"]
[SourceVersion "2"]
[SourceVersionDate "2006.03.10"]
[SourceQuality "1"]

1. d4 d6 2. Nf3 Bg4 3. Nbd2 Nd7 4. g3 c6 5. Bg2 Ngf6 6. 0-0 e5 7. dxe5 dxe5 8. c3 Be7 9. e4 Qc7 10. Qc2 0-0 11. Re1 Rad8 12. Nf1 Nc5 13. Bg5 h6 14. Bxf6 Bxf6 15. Rad1 Be6 16. b4 Nd7 17. Ne3 a5 18. a3 Ra8 19. c4 Be7 20. Rb1 axb4 21. axb4 Ra3 22. c5 Rfa8 23. Nc4 Ra2 24. Qc3 Bxc4 25. Qxc4 b6 26. Bh3 Nf8 27. Red1 bxc5 28. bxc5 R8a5 29. Rd2 Rxd2 30. Nxd2 Rxc5 31. Qb3 Rb5 32. Qc2 Rc5 33. Qd3 Qa7 34. Nc4 Qa2 35. Ne3 Ra5 36. Rc1 Bc5 37. Rc2 Qa1+ 38. Kg2 Ra3 39. Qd2 Bxe3 40. fxe3 Qb1 41. Bg4 Ra1 42. Qe2 Qh1+ 43. Kh3 Qxe4 44. Bf3 Qf5+ 45. Kg2 e4 46. Bg4 Qf6 47. Qf2 Qxf2+ 48. Kxf2 Ra6 49. Bf5 0-1

[Event "POL-ch sf U20"]
[Site "Poraj"]
[Date "2003.??.??"]
[Round "2"]
[White "Ochonski, Piotr"]
[Black "Walczak, Przemyslaw"]
[Result "1-0"]
[WhiteElo "2225"]
[BlackElo "2023"]
[PlyCount "68"]
[EventDate "2003.??.??"]
[EventType "swiss"]
[EventRounds "9"]
[EventCountry "POL"]
[SourceTitle "EXT 2005"]
[Source "ChessBase"]
[SourceDate "2004.11.15"]
[SourceVersion "1"]
[SourceVersionDate "2004.11.15"]
[SourceQuality "1"]

1. Nf3 c5 2. b3 d5 3. Bb2 Nc6 4. g3 Nf6 5. Bg2 Bg4 6. 0-0 e6 7. c4 d4 8. d3 Be7 9. Na3 0-0 10. Nc2 a5 11. a3 e5 12. Nd2 Qd7 13. Re1 Rfe8 14. f3 Bh3 15. Bh1 Rad8 16. Bc1 Bd6 17. Rb1 h5 18. Nf1 h4 19. Bg5 hxg3 20. Nxg3 e4 21. dxe4 Qc7 22. Kf2 Ne5 23. Bxf6 gxf6 24. Rg1 Ng6 25. Bg2 Bxg2 26. Kxg2 Bf4 27. Qe1 Qe5 28. Rd1 d3 29. Rxd3 Rxd3 30. exd3 Nh4+ 31. Kf2 Kf8 32. Qa1 Qe6 33. Qf1 f5 34. Qh3 fxe4 1-0

[Event "POL-ch sf U20"]
[Site "Poraj"]
[Date "2003.??.??"]
[Round "6"]
[White "Walczak, Przemyslaw"]
[Black "Szczyrba, Daniel"]
[Result "1/2-1/2"]
[WhiteElo "2023"]
[BlackElo "2205"]
[PlyCount "81"]
[EventDate "2003.??.??"]
[EventType "swiss"]
[EventRounds "9"]
[EventCountry "POL"]
[SourceTitle "EXT 2005"]
[Source "ChessBase"]
[SourceDate "2004.11.15"]
[SourceVersion "1"]
[SourceVersionDate "2004.11.15"]
[SourceQuality "1"]

1. d4 Nf6 2. c4 e6 3. Nf3 Bb4+ 4. Bd2 Qe7 5. g3 Bxd2+ 6. Nbxd2 d6 7. Bg2 0-0 8. Nf1 Re8 9. Ne3 Nbd7 10. 0-0 e5 11. Qc2 exd4 12. Nxd4 a5 13. a3 Nc5 14. Rac1 a4 15. Rfe1 Bd7 16. Nef5 Qf8 17. e4 g6 18. Nh4 Re7 19. f3 Rae8 20. Re2 Qg7 21. Qd2 Rb8 22. Rce1 Rbe8 23. f4 Ne6 24. e5 Nxd4 25. Qxd4 Ng4 26. h3 Nh6 27. Qd2 Be6 28. exd6 cxd6 29. Qxd6 Rd8 30. Qb4 Qd4+ 31. Kh2 Qxc4 32. Qxc4 Bxc4 33. Re4 b5 34. Nf3 Nf5 35. g4 Ng7 36. Ne5 Bd5 37. Rb4 Bxg2 38. Kxg2 Rd2+ 39. Kg3 Ne6 40. Nf3 Rd3 41. Re5 1/2-1/2

[Event "POL-ch U18"]
[Site "Bartkowa"]
[Date "2002.??.??"]
[Round "?"]
[White "Singer, Krystian"]
[Black "Walczak, Przemyslaw"]
[Result "1-0"]
[WhiteElo "2146"]
[BlackElo "2022"]
[PlyCount "51"]
[EventDate "2002.01.??"]
[EventType "swiss"]
[EventRounds "10"]
[EventCountry "POL"]
[SourceTitle "EXT 2005"]
[Source "ChessBase"]
[SourceDate "2004.11.15"]
[SourceVersion "1"]
[SourceVersionDate "2004.11.15"]
[SourceQuality "1"]

1. e4 e6 2. d4 d5 3. Nc3 Bb4 4. e5 c5 5. a3 Bxc3+ 6. bxc3 Ne7 7. Qg4 Qc7 8. Bd3 cxd4 9. Ne2 dxc3 10. Qxg7 Rg8 11. Qxh7 Nbc6 12. Bf4 Bd7 13. Bg3 0-0-0 14. 0-0 Qa5 15. Rab1 Rh8 16. Qxf7 Rdf8 17. Qg7 Rhg8 18. Qh6 Nf5 19. Bxf5 Rxf5 20. Qe3 Qxa3 21. Nd4 Nxd4 22. Qxd4 Bc6 23. Rb3 Qa4 24. Qxc3 Qg4 25. Rfb1 d4 26. Qxc6+ 1-0

[Event "POL-ch U18"]
[Site "Zakopane"]
[Date "2001.01.26"]
[Round "11"]
[White "Tworuszka, Sebastian"]
[Black "Walczak, Przemyslaw"]
[Result "0-1"]
[WhiteElo "2004"]
[BlackElo "2059"]
[PlyCount "86"]
[EventDate "2001.01.16"]
[EventType "swiss"]
[EventRounds "11"]
[EventCountry "POL"]
[SourceTitle "EXT 2002"]
[Source "ChessBase"]
[SourceDate "2001.11.25"]
[SourceVersion "1"]
[SourceVersionDate "2001.11.25"]
[SourceQuality "1"]

1. d4 d5 2. c4 e6 3. Nc3 Nf6 4. cxd5 exd5 5. Bg5 c6 6. Qc2 Na6 7. e3 Nb4 8. Qd1 Bf5 9. Rc1 Be7 10. a3 Na6 11. Bd3 Bxd3 12. Qxd3 Nc7 13. Nf3 Ne6 14. Bh4 0-0 15. 0-0 a5 16. Bxf6 Bxf6 17. b4 axb4 18. axb4 Ra3 19. Qc2 Qd6 20. Rb1 Rfa8 21. Rfc1 h6 22. Ne1 b6 23. Nf3 Qd7 24. Nd1 Rc8 25. b5 c5 26. dxc5 Rxc5 27. Qe2 Ra8 28. g3 Rac8 29. Rxc5 Rxc5 30. Qd3 g6 31. Nd4 Nxd4 32. exd4 Rc4 33. Ne3 Rxd4 34. Qb3 Rd2 35. Nf1 Re2 36. Ne3 d4 37. Nd5 Qf5 38. Rf1 Bd8 39. Nf4 Re5 40. Rb1 Bg5 41. Nd3 Re2 42. Rb2 Rxb2 43. Nxb2 Qb1+ 0-1

[Event "POL-ch U18"]
[Site "Zakopane"]
[Date "2001.01.16"]
[Round "1"]
[White "Walczak, Przemyslaw"]
[Black "Chojnacki, Krzysztof"]
[Result "0-1"]
[WhiteElo "2059"]
[BlackElo "2232"]
[PlyCount "54"]
[EventDate "2001.01.16"]
[EventType "swiss"]
[EventRounds "11"]
[EventCountry "POL"]
[SourceTitle "EXT 2002"]
[Source "ChessBase"]
[SourceDate "2001.11.25"]
[SourceVersion "1"]
[SourceVersionDate "2001.11.25"]
[SourceQuality "1"]

1. Nf3 Nf6 2. g3 c5 3. c4 e6 4. Bg2 Be7 5. 0-0 0-0 6. Nc3 Nc6 7. d4 cxd4 8. Nxd4 a6 9. Na4 Nxd4 10. Qxd4 d6 11. Be3 Qc7 12. Nb6 Rb8 13. Rac1 Bd7 14. Nxd7 Nxd7 15. b4 Rfd8 16. Qa7 Rdc8 17. Rfd1 Ne5 18. Bb6 Qd7 19. b5 axb5 20. cxb5 d5 21. e4 Ra8 22. Rc7 Qxc7 23. Bxc7 Rxa7 24. Bxe5 dxe4 25. Bxe4 b6 26. Bc6 Rxa2 27. Bd4 Rd8 0-1

[Event "POL-ch U16"]
[Site "Wisla"]
[Date "2000.??.??"]
[Round "9"]
[White "Marszalek, Maciej"]
[Black "Walczak, Przemyslaw"]
[Result "1-0"]
[WhiteElo "2108"]
[BlackElo "2128"]
[PlyCount "72"]
[EventDate "2000.02.26"]
[EventType "swiss"]
[EventRounds "10"]
[EventCountry "POL"]
[SourceTitle "EXT 2005"]
[Source "ChessBase"]
[SourceDate "2004.11.15"]
[SourceVersion "1"]
[SourceVersionDate "2004.11.15"]
[SourceQuality "1"]

1. d4 Nf6 2. c4 g6 3. Nc3 Bg7 4. g3 d6 5. Bg2 0-0 6. Nf3 c6 7. 0-0 Bf5 8. Nh4 Bd7 9. e4 e5 10. Nf3 Bg4 11. Be3 Na6 12. Qd2 Re8 13. h3 Bxf3 14. Bxf3 Qe7 15. Bg2 Nh5 16. Rfe1 Nc7 17. d5 c5 18. Ne2 f5 19. Bg5 Qd7 20. b4 cxb4 21. Qxb4 Na6 22. Qd2 Nc5 23. Nc3 Rac8 24. Rac1 Nf6 25. Kh2 b6 26. Re2 Na4 27. Nxa4 Qxa4 28. Qd3 fxe4 29. Bxe4 Nxe4 30. Qxe4 b5 31. cxb5 Qxe4 32. Rxe4 Rxc1 33. Bxc1 Rb8 34. a4 Bf6 35. Be3 Rb7 36. Rc4 Kf7 1-0

[Event "POL-chT2 North U19"]
[Site "Biala Podlaska"]
[Date "2000.??.??"]
[Round "9"]
[White "Walczak, Przemyslaw"]
[Black "Dlugosz, Jedrzej"]
[Result "0-1"]
[WhiteElo "2128"]
[BlackElo "2177"]
[PlyCount "50"]
[EventDate "2000.07.20"]
[EventType "team-swiss"]
[EventRounds "10"]
[EventCountry "POL"]
[SourceTitle "EXT 2003"]
[Source "ChessBase"]
[SourceDate "2002.11.25"]
[SourceVersion "1"]
[SourceVersionDate "2002.11.25"]
[SourceQuality "1"]
[WhiteTeam "Lodz Szach Centrum U19"]
[BlackTeam "Gdanski Tama Jantar Pruszcz U19"]
[WhiteTeamCountry "POL"]
[BlackTeamCountry "POL"]

1. g3 g6 2. Bg2 Bg7 3. Nf3 Nf6 4. 0-0 c5 5. d3 Nc6 6. c4 d5 7. Nc3 e6 8. Bf4 0-0 9. Qc1 d4 10. Nb5 Ne8 11. Bh6 e5 12. Bxg7 Kxg7 13. e3 Bf5 14. e4 Bg4 15. h3 Bd7 16. Nh4 a6 17. Na3 Nd6 18. Nc2 Qe7 19. Qd2 Rae8 20. b4 b6 21. bxc5 bxc5 22. Rab1 Qd8 23. Rbe1 f5 24. exf5 gxf5 25. Kh2 e4 0-1

[Event "POL-chT2 North U19"]
[Site "Biala Podlaska"]
[Date "2000.??.??"]
[Round "6"]
[White "Walczak, Przemyslaw"]
[Black "Jakubowski, Marcin"]
[Result "0-1"]
[WhiteElo "2128"]
[BlackElo "2292"]
[PlyCount "50"]
[EventDate "2000.07.20"]
[EventType "team-swiss"]
[EventRounds "10"]
[EventCountry "POL"]
[SourceTitle "EXT 2003"]
[Source "ChessBase"]
[SourceDate "2002.11.25"]
[SourceVersion "1"]
[SourceVersionDate "2002.11.25"]
[SourceQuality "1"]
[WhiteTeam "Lodz Szach Centrum U19"]
[BlackTeam "Lomza Devo Maraton U19"]
[WhiteTeamCountry "POL"]
[BlackTeamCountry "POL"]

1. g3 Nf6 2. Nf3 d5 3. Bg2 c6 4. d3 Bg4 5. h3 Bh5 6. Nbd2 Nbd7 7. 0-0 e5 8. Qe1 Bd6 9. e4 0-0 10. Nh4 Bg6 11. Nxg6 hxg6 12. Nf3 dxe4 13. dxe4 Nc5 14. Nh4 Re8 15. Bg5 Ne6 16. Bxf6 Qxf6 17. c3 Rad8 18. Nf3 Bc7 19. Qe2 Nc5 20. Rad1 Bb6 21. h4 a5 22. Ng5 Ne6 23. Nf3 g5 24. hxg5 Nxg5 25. Nxg5 Qxg5 0-1

[Event "POL-ch U16"]
[Site "Wisla"]
[Date "2000.??.??"]
[Round "6"]
[White "Walczak, Przemyslaw"]
[Black "Singer, Krystian"]
[Result "0-1"]
[WhiteElo "2128"]
[BlackElo "2011"]
[PlyCount "118"]
[EventDate "2000.02.26"]
[EventType "swiss"]
[EventRounds "10"]
[EventCountry "POL"]
[SourceTitle "EXT 2005"]
[Source "ChessBase"]
[SourceDate "2004.11.15"]
[SourceVersion "1"]
[SourceVersionDate "2004.11.15"]
[SourceQuality "1"]

1. g3 Nf6 2. Nf3 g6 3. Bg2 Bg7 4. 0-0 0-0 5. c4 c5 6. Nc3 Nc6 7. d3 d6 8. Bd2 e5 9. a3 Be6 10. h3 Qd7 11. Ng5 Bf5 12. e4 Be6 13. Nxe6 fxe6 14. Rb1 a5 15. b3 b6 16. Ne2 Nd4 17. Nxd4 cxd4 18. f4 Nh5 19. Qg4 Bh6 20. Rf2 Rf6 21. Rbf1 Raf8 22. Bc1 Qf7 23. f5 Bxc1 24. Rxc1 Ng7 25. fxg6 Qxg6 26. Qxg6 Rxg6 27. Rxf8+ Kxf8 28. g4 h5 29. Bf3 hxg4 30. Bxg4 Nh5 31. Kh2 Nf4 32. Rd1 Rg7 33. a4 Ke7 34. Kg3 Kd7 35. Kf2 Kc6 36. Ke1 Rh7 37. Kd2 Nxh3 38. Bxe6 Nf2 39. Re1 Kc5 40. Re2 Nh3 41. Bf5 Rh5 42. Bg4 Rh4 43. Bf3 Ng1 44. Rf2 Nxf3+ 45. Rxf3 Rh2+ 46. Kc1 Kb4 47. Rf6 Kc3 48. Kb1 Kxb3 49. Kc1 Kc3 50. Kb1 Kxd3 51. Rxd6 Kxe4 52. Rxb6 d3 53. Rd6 Rh1+ 54. Kb2 Ke3 55. c5 Rh2+ 56. Kb1 Rc2 57. c6 Rc5 58. Rh6 d2 59. Rh3+ Kd4 0-1